000
00316nam a2200109Ia 4500
008
171211s9999 xx 000 0 und d
245
_a
Strokes Of Genius 6: The Best Of Drawing
245
_c
Rachel Rubin Wolf
260
_c
2014
650
_x
Drawing
856
_u
http://down.ebook777.com/005/StrOfGen6TheBesOfDra.pdf
999
_c
348022
_d
348022